000 00696nam a2200289Ia 4500
005 20260324133137.0
008 008 260324s9999 xx 000 0 eng d
020 _a9781315023267
037 _aEBOOK
040 _aCRL
040 _beng
040 _cCRL
041 _2eng
041 _aeng
084 _qCRL
100 _aSerge Gruzinski
_91191959
245 4 _aThe Mestizo Mind
245 4 _bThe Intellectual Dynamics of Colonization and Globalization
260 _bTaylor and Francis
260 _c2003
365 _a
365 _b205
856 _uhttp://www.taylorfrancis.com/books/9781315023267
942 _cEBOOK
999 _c1790743
_d1790743